| 000 | 01010cam a2200337 i 4500 | ||
|---|---|---|---|
| 001 | 0000491 | ||
| 003 | DO-SdBNP | ||
| 005 | 20241011134034.0 | ||
| 007 | 0000491 | ||
| 008 | 100514s1986 sp | 000 f spa | ||
| 015 | _a | ||
| 017 |
_a _b |
||
| 020 | _a8476348258 | ||
| 035 | _a | ||
| 040 |
_aBPMSU _bspa _cBPMSU _e |
||
| 080 | _a | ||
| 082 | 4 |
_a843.8 _bV531J 1986 _222 |
|
| 092 |
_a843.8 _bV531di |
||
| 100 | 1 |
_aVerne, Julio _d1828-1905 |
|
| 245 | 1 | 0 |
_aJulio Verne : _bEl desierto de hielo / _cJulio Verne ; traducción D. A. Ribot y Fontseré _h |
| 260 |
_aBarcelona: _bEdiciones Orbis, _c1986. |
||
| 300 |
_a254 p.: _bil. _c20 m |
||
| 490 | 0 |
_aJulio Verne, _v9 |
|
| 534 |
_pTítulo original : _tLe désert de glace. Aventures du capitaine Hatteras |
||
| 590 | _aInventariado, 2024/VM | ||
| 650 | 4 | _aNovela juvenil francesa | |
| 650 | 4 | _aLiteratura juvenil francesa | |
| 700 | 1 |
_aRibot y Fontseré, D. A. _etraductor |
|
| 910 | _a VMateo V. Control de calidad. BPMSU | ||
| 942 |
_2ddc _cBK |
||
| 999 |
_c10723 _d10723 |
||